Microfluidic devices fabrication for bioelectrokinetic system applications
En este capt̕ulo se describe la fabricacin̤ de dispositivos microflud̕icos para aplicaciones de sistemas bioelectrocinťicos. El microelectrodo se fabrica usando una tčnica de fabricacin̤ microelectrn̤ica estǹdar que incluye el microcanal hecho de lm̀ina laminada.
Gorde:
| Beste egile batzuk: | , |
|---|---|
| Formatua: | Liburua |
| Hizkuntza: | ingelesa |
| Gaiak: | |
| Sarrera elektronikoa: | Microfluidic devices fabrication for bioelectrokinetic system applications |
| Etiketak: |
Etiketa erantsi
Etiketarik gabe, Izan zaitez lehena erregistro honi etiketa jartzen!
|
MARC
| LEADER | 00000nam a22000004a 4500 | ||
|---|---|---|---|
| 001 | vpro11016 | ||
| 005 | 20201223000000.0 | ||
| 008 | 170123s2017 ck # g## #001 0#eng#d | ||
| 020 | |a 9789535110187 | ||
| 022 | |||
| 040 | |a CO-BoINGC | ||
| 041 | 0 | |a eng | |
| 245 | 1 | 0 | |a Microfluidic devices fabrication for bioelectrokinetic system applications |
| 246 | |a Fabricacin̤ de dispositivos microflud̕icos para aplicaciones de sistemas bioelectrocinťicos | ||
| 264 | |a Bogot ̀(Colombia) : |b Revista VirtualPRO, |c 2017 | ||
| 520 | 3 | |a En este capt̕ulo se describe la fabricacin̤ de dispositivos microflud̕icos para aplicaciones de sistemas bioelectrocinťicos. El microelectrodo se fabrica usando una tčnica de fabricacin̤ microelectrn̤ica estǹdar que incluye el microcanal hecho de lm̀ina laminada. | |
| 650 | \ | \ | |a Electroqum̕ica |
| 650 | \ | \ | |a Electrocinťica |
| 650 | \ | \ | |a Electrochemistry |
| 650 | \ | \ | |a Electrokinetics |
| 650 | \ | \ | |a dispositivos microflud̕icos |
| 650 | \ | \ | |a microfluidic devices |
| 700 | \ | \ | |a Md Yunus Nurul Amziah |
| 700 | \ | \ | |a InTech. |
| 856 | |z Microfluidic devices fabrication for bioelectrokinetic system applications |u https://virtualpro.unach.elogim.com/biblioteca/fabricacion-de-dispositivos-microfluidicos-para-aplicaciones-de-sistemas-bioelectrocineticos | ||